| 000 | 01012cam a22003374a 4500 | ||
|---|---|---|---|
| 001 | 88843 | ||
| 005 | 20230410132851.0 | ||
| 008 | 091019s2009 nyua b 001 0beng | ||
| 010 | _a 2009288592 | ||
| 035 | _a(OCoLC)ocn297147732 | ||
| 040 |
_aDLC _cDLC |
||
| 020 | _a9780553384611 (pbk.) | ||
| 020 | _a0553384619 (pbk.) | ||
| 035 | _a(OCoLC)297147732 | ||
| 043 | _an-us--- | ||
| 050 | 1 | 4 |
_aB HG 172 _bB929S 2009 |
| 082 | 0 | 0 | _a332.6092 |
| 049 | _aGRAL | ||
| 100 | 1 | _aSchroeder, Alice. | |
| 245 | 1 | 4 |
_aThe snowball : _bWarren Buffett and the business of life / _cAlice Schroeder. |
| 250 | _aUpdated and condensed ed. | ||
| 260 |
_aNew York : _bBantam Books, _c2009. |
||
| 300 |
_axi, 816 p. : _bill. ; _c24 cm. |
||
| 504 | _aIncludes bibliographical references (p. [709]-785) and index. | ||
| 600 | 1 | 0 | _aBuffett, Warren. |
| 650 | 0 |
_aCapitalists and financiers _zUnited States _vBiography. |
|
| 650 | 0 |
_aInvestments _zUnited States. |
|
| 942 |
_2lcc _cbk |
||
| 994 |
_aC0 _bDRFGD |
||
| 946 | _aJP | ||
| 999 |
_c89197 _d89197 |
||